Whites introduction to atomic spectra (Record no. 396415)

MARC details
000 -LEADER
fixed length control field 00541 a2200205 4500
005 - DATE & TIME
control field 20260310123600.0
008 - FIXED-LENGTH DATA ELEMENTS--GENERAL INFORMATION
fixed length control field 260310b |||||||| |||| 00| 0 eng d
020 ## - ISBN
International Standard Book Number 9789373025353
Price Rs. 695.00
040 ## - CATALOGING SOURCE
Original cataloging agency VIVEKANANDA LIBRARY
082 ## - DDC NUMBER
Classification number 539.7
Book Number L139W(2)
100 ## - MAIN ENTRY--PERSONAL NAME
Personal name Lahiri, Jyotirmay
245 ## - TITLE STATEMENT
Title Whites introduction to atomic spectra
250 ## - EDITION STATEMENT
Edition statement 2nd
260 ## - PUBLICATION, DISTRIBUTION, ETC. (IMPRINT)
Name of publisher, distributor, etc MedTech Science Press
Date of publication, distribution, etc 2026
Place of publication, distribution, etc New Delhi
300 ## - PHYSICAL DESCRIPTION
Pages x, 457
650 ## - Subject
Subject Physics
650 ## - Subject
Subject Moderm Physics
650 ## - Subject
Subject Atomic and Molecular Physics
942 ## - ADDED ENTRY ELEMENTS (KOHA)
Koha item type Books
Holdings
Withdrawn status Lost status Source of classification or shelving scheme Damaged status Not for loan Location (home branch) Sublocation or collection (holding branch) Shelving location Date acquired Koha issues (times borrowed) Koha full call number Accession No. Koha date last seen Koha item type
    Dewey Decimal Classification     VIVEKANANDA LIBRARY VIVEKANANDA LIBRARY Vivekananda Library 17/02/2026   539.7 L139W(2) 438332 17/02/2026 Books
    Dewey Decimal Classification     VIVEKANANDA LIBRARY VIVEKANANDA LIBRARY Vivekananda Library 17/02/2026   539.7 L139W(2) 438331 17/02/2026 Books
    Dewey Decimal Classification     VIVEKANANDA LIBRARY VIVEKANANDA LIBRARY Vivekananda Library 17/02/2026   539.7 L139W(2) 438330 17/02/2026 Books
© Designed and Maintained by Vivekananda Library, MDU Rohtak